[Event "Santiago 2.5"]
[Site "Santiago de Chile"]
[Date "2025.03.13"]
[Round "7"]
[White "Perez, Hernan"]
[Black "Salgado Moscozo, Heraldo"]
[Result "1-0"]
[WhiteElo "2039"]
[BlackElo "1974"]
[PlyCount "59"]
[EventDate "2025.03.09"]
[EventType "swiss"]
[EventRounds "9"]
[EventCountry "CHI"]
[SourceTitle "CB12_2025"]
[SourceDate "2025.03.19"]
[SourceVersion "1"]
[SourceVersionDate "2025.03.19"]
[SourceQuality "1"]

1. e4 c5 2. Nc3 Nc6 3. g3 g6 4. Bg2 Bg7 5. d3 d6 6. f4 e6 7. Nf3 Nge7 8. 0-0 0-0 9. Be3 Nd4 10. e5 Nef5 11. Bf2 Nxf3+ 12. Qxf3 Nd4 13. Qd1 dxe5 14. fxe5 Bxe5 15. Ne4 Nc6 16. c3 b6 17. Nxc5 bxc5 18. Bxc6 Rb8 19. Qe2 Qd6 20. Bg2 Ba6 21. Rad1 Bg7 22. Rd2 Rfd8 23. Be3 Bxd3 24. Qf2 Qc7 25. Rfd1 c4 26. Bxa7 Rb5 27. a4 Rf5 28. Qb6 Qxb6+ 29. Bxb6 Rb8 30. a5 1-0

[Event "Santiago 2.5"]
[Site "Santiago de Chile"]
[Date "2025.03.12"]
[Round "5"]
[White "Perez, Hernan"]
[Black "Heinechen, John"]
[Result "0-1"]
[WhiteElo "2039"]
[BlackElo "1946"]
[PlyCount "94"]
[EventDate "2025.03.09"]
[EventType "swiss"]
[EventRounds "9"]
[EventCountry "CHI"]
[SourceTitle "CB12_2025"]
[SourceDate "2025.03.19"]
[SourceVersion "1"]
[SourceVersionDate "2025.03.19"]
[SourceQuality "1"]

1. e4 c5 2. Nf3 Nc6 3. d4 cxd4 4. Nxd4 g6 5. Nc3 Bg7 6. Be3 Nf6 7. Bc4 0-0 8. 0-0 d6 9. h3 Bd7 10. Bb3 Nxd4 11. Bxd4 Bc6 12. Qd3 Nd7 13. Bxg7 Kxg7 14. Kh1 Nc5 15. Qd4+ Kg8 16. Bd5 e5 17. Qe3 Ne6 18. Rad1 Qe7 19. Rd2 Kg7 20. Rfd1 Rfd8 21. Ne2 Bxd5 22. Rxd5 b6 23. c4 Rac8 24. b3 Rc5 25. R5d3 b5 26. cxb5 Rxb5 27. Rd5 Rb6 28. Nc3 Nf4 29. Ra5 Rb7 30. g3 Nxh3 31. Kg2 Rc8 32. Nd5 Qd8 33. Rxa7 Rxa7 34. Qxa7 Ng5 35. Qe3 f5 36. Qa7+ Nf7 37. exf5 gxf5 38. Qe7 Qxe7 39. Nxe7 Rc2 40. Ra1 Kf6 41. Nd5+ Ke6 42. Nb6 d5 43. a4 e4 44. a5 e3 45. Kf3 d4 46. fxe3 Ng5+ 47. Kf4 Nh3+ 0-1

[Event "Florianopolis op 9th"]
[Site "Florianopolis"]
[Date "2023.01.28"]
[Round "8"]
[White "Perez, Hernan"]
[Black "Ferreira, Rodrigo Maycon Mira"]
[Result "1-0"]
[WhiteElo "2081"]
[BlackElo "1781"]
[PlyCount "25"]
[EventDate "2023.01.23"]
[EventType "swiss"]
[EventRounds "10"]
[EventCountry "BRA"]
[SourceTitle "CBM 212 Extra"]
[Source "ChessBase"]
[SourceDate "2023.03.31"]
[SourceVersion "1"]
[SourceVersionDate "2023.03.31"]
[SourceQuality "1"]

1. Nf3 d5 2. c4 c6 3. b3 Nf6 4. e3 g6 5. Bb2 Bg7 6. d4 0-0 7. Bd3 Nbd7 8. 0-0 dxc4 9. bxc4 Re8 10. h3 Qc7 11. Nbd2 c5 12. Ne5 Nxe5 13. dxe5 1-0

[Event "Florianopolis op 9th"]
[Site "Florianopolis"]
[Date "2023.01.25"]
[Round "4"]
[White "Perez, Hernan"]
[Black "Cezar, Ricardo de Almeida"]
[Result "1-0"]
[WhiteElo "2081"]
[BlackElo "1795"]
[PlyCount "55"]
[EventDate "2023.01.23"]
[EventType "swiss"]
[EventRounds "10"]
[EventCountry "BRA"]
[SourceTitle "CBM 212 Extra"]
[Source "ChessBase"]
[SourceDate "2023.03.31"]
[SourceVersion "1"]
[SourceVersionDate "2023.03.31"]
[SourceQuality "1"]

1. Nf3 d5 2. c4 c6 3. b3 Nf6 4. e3 e6 5. Bb2 Nbd7 6. Nc3 Bd6 7. d4 0-0 8. cxd5 exd5 9. Bd3 Re8 10. Qc2 a5 11. 0-0 Nf8 12. h3 Ng6 13. Rac1 b6 14. Rfe1 Bb7 15. e4 dxe4 16. Nxe4 Nxe4 17. Bxe4 Rc8 18. Ne5 Bxe5 19. dxe5 Qc7 20. Bf5 Rcd8 21. e6 Nf8 22. exf7+ Qxf7 23. Qc3 c5 24. Rcd1 Rxd1 25. Rxd1 Re2 26. g4 Qe7 27. Bd3 Rxf2 28. Bc4+ 1-0

[Event "Asuncion Campeones"]
[Site "Asuncion"]
[Date "2019.10.04"]
[Round "2"]
[White "Benitez Galeano, Alejandro"]
[Black "Perez, Hernan"]
[Result "1-0"]
[WhiteElo "2187"]
[BlackElo "2135"]
[PlyCount "86"]
[EventDate "2019.10.03"]
[EventType "tourn"]
[EventRounds "9"]
[EventCountry "PAR"]
[SourceTitle "EXT 2020"]
[Source "ChessBase"]
[SourceDate "2019.10.17"]
[SourceVersion "1"]
[SourceVersionDate "2019.10.17"]
[SourceQuality "1"]

1. Nf3 c5 2. c4 Nc6 3. Nc3 g6 4. e3 Bg7 5. d4 Nf6 6. d5 Na5 7. Bd2 0-0 8. a3 b6 9. b4 Nb7 10. Bd3 d6 11. h3 e5 12. 0-0 Qe7 13. e4 h6 14. Re1 Nh5 15. Bf1 Bd7 16. Nh2 Qe8 17. Nb5 Qd8 18. g3 a6 19. Nc3 Qe8 20. Be2 Nf6 21. Kg2 Qc8 22. Ng4 Kh7 23. Rb1 Ng8 24. Na4 Bxa4 25. Qxa4 f5 26. exf5 gxf5 27. Qc2 Kh8 28. Ne3 Ne7 29. Bh5 cxb4 30. axb4 b5 31. Rec1 Qd8 32. cxb5 axb5 33. Qc7 Ra7 34. Be2 f4 35. Nf1 Nxd5 36. Qc6 Ne7 37. Qxb5 d5 38. gxf4 exf4 39. Nh2 Nd6 40. Qd3 Ne4 41. Bf3 Rd7 42. Be1 Ra7 43. Bd2 Nf5 1-0

[Event "PAR-ch sf"]
[Site "Asuncion"]
[Date "2019.09.12"]
[Round "9"]
[White "Barrientos, Ernesto"]
[Black "Perez, Hernan"]
[Result "1-0"]
[WhiteElo "1895"]
[BlackElo "2154"]
[PlyCount "143"]
[EventDate "2019.09.06"]
[EventType "swiss"]
[EventRounds "9"]
[EventCountry "PAR"]
[SourceTitle "EXT 2020"]
[Source "ChessBase"]
[SourceDate "2019.10.17"]
[SourceVersion "1"]
[SourceVersionDate "2019.10.17"]
[SourceQuality "1"]

1. e4 c5 2. Nf3 d6 3. d4 cxd4 4. Nxd4 Nf6 5. Nc3 g6 6. Be3 Bg7 7. f3 0-0 8. Qd2 Nc6 9. Bc4 Bd7 10. 0-0-0 Rc8 11. Bb3 Nxd4 12. Bxd4 b5 13. Nd5 Nxd5 14. Bxg7 Kxg7 15. exd5 a5 16. a3 b4 17. axb4 axb4 18. h4 Kg8 19. h5 Qa5 20. Qd4 Bf5 21. Kd2 Rc5 22. hxg6 Bxg6 23. Ke3 Qb5 24. Rd2 Rfc8 25. Rc1 R5c7 26. g4 Qd7 27. Rg2 Qb5 28. Rd2 Qd7 29. Kf2 Rf8 30. Qf4 Rc5 31. Re2 Re8 32. Qxb4 Qc7 33. Qd4 Rb8 34. Rce1 Qb6 35. Kg3 Rc7 36. Qxb6 Rxb6 37. Rxe7 Rc5 38. R1e2 Bd3 39. Rd2 Ba6 40. Re8+ Kg7 41. f4 h6 42. f5 Kf6 43. Rh2 Kg7 44. Rf2 Kf6 45. Rg8 Bc4 46. Bxc4 Rxc4 47. c3 Rb5 48. Rd2 Rcc5 49. Rh2 Rxd5 50. Rxh6+ Ke7 51. Rh2 Rbc5 52. Rg7 Rd3+ 53. Kh4 Kf6 54. Rg8 Re5 55. Rh3 Ree3 56. Rxe3 Rxe3 57. Rc8 Re2 58. b4 Rb2 59. Rc6 Ke5 60. Kg5 f6+ 61. Kg6 Rg2 62. Rc4 d5 63. Rd4 Rg3 64. b5 Rxc3 65. Rb4 Rc4 66. Rxc4 dxc4 67. b6 Kd6 68. g5 c3 69. gxf6 c2 70. f7 c1Q 71. f8Q+ Kd7 72. Qf7+ 1-0

[Event "PAR-ch sf"]
[Site "Asuncion"]
[Date "2019.09.11"]
[Round "8"]
[White "Perez, Hernan"]
[Black "Benitez Galeano, Alejandro"]
[Result "0-1"]
[WhiteElo "2154"]
[BlackElo "2113"]
[PlyCount "126"]
[EventDate "2019.09.06"]
[EventType "swiss"]
[EventRounds "9"]
[EventCountry "PAR"]
[SourceTitle "EXT 2020"]
[Source "ChessBase"]
[SourceDate "2019.10.17"]
[SourceVersion "1"]
[SourceVersionDate "2019.10.17"]
[SourceQuality "1"]

1. d4 d5 2. Nf3 Nf6 3. Bg5 Ne4 4. Bf4 c5 5. e3 e6 6. Bd3 Bd6 7. Bg3 0-0 8. c3 b6 9. Qe2 Qc7 10. Nbd2 f5 11. 0-0 Nd7 12. c4 Ndf6 13. Rac1 Bb7 14. Rfd1 Rad8 15. b4 Bxg3 16. hxg3 Ng4 17. Rf1 cxb4 18. cxd5 Nc3 19. Qe1 exd5 20. Nb1 Rc8 21. Qd2 a5 22. a3 Nxb1 23. Bxb1 Qd6 24. axb4 axb4 25. Bd3 g6 26. Qb2 Ra8 27. Rb1 Ra3 28. Bc2 Rc8 29. Bd1 Ba6 30. Re1 Bc4 31. Nd2 Nf6 32. Qxb4 Qxb4 33. Rxb4 b5 34. f3 Ra1 35. Rb1 Rxb1 36. Nxb1 Ra8 37. Bc2 Ra1 38. Rd1 b4 39. Nd2 Ra2 40. Rc1 Kf8 41. e4 fxe4 42. fxe4 Ke7 43. exd5 Bxd5 44. Nb3 Rb2 45. Nc5 b3 46. Re1+ Kf7 47. Bd1 Rxg2+ 48. Kf1 Rxg3 49. Kf2 Rc3 50. Re2 Ng4+ 51. Ke1 Ne3 52. Bxb3 Bxb3 53. Ne4 Rd3 54. Nc5 Rc3 55. Ne4 Nc2+ 56. Kd2 Rc7 57. Nd6+ Kf8 58. Re8+ Kg7 59. Rb8 Bf7 60. Kd3 Ne1+ 61. Ke4 Re7+ 62. Kf4 Ng2+ 63. Kg3 Ne3 0-1

[Event "Resistencia Chaqueno-ch"]
[Site "Resistencia"]
[Date "2018.02.11"]
[Round "3"]
[White "Perez, Hernan"]
[Black "Zalazar, Diego"]
[Result "0-1"]
[WhiteElo "2128"]
[BlackElo "1792"]
[PlyCount "22"]
[EventDate "2018.02.10"]
[EventType "swiss"]
[EventRounds "6"]
[EventCountry "ARG"]
[SourceTitle "CBM 182 Extra"]
[Source "ChessBase"]
[SourceDate "2018.02.23"]
[SourceVersion "1"]
[SourceVersionDate "2018.02.23"]
[SourceQuality "1"]

1. d4 d5 2. c4 e6 3. Nc3 Nf6 4. Bg5 c6 5. e3 Nbd7 6. Qc2 Qa5 7. a3 dxc4 8. Bxc4 Qxg5 9. g3 Be7 10. f4 Qa5 11. Nge2 Nd5 0-1

[Event "PER-ch"]
[Site "Lima"]
[Date "2017.03.01"]
[Round "1"]
[White "Perez, Hernan"]
[Black "Fernandez Perez, Jorge Andres"]
[Result "0-1"]
[WhiteElo "1542"]
[BlackElo "2160"]
[PlyCount "88"]
[EventDate "2017.03.01"]
[EventType "swiss"]
[EventRounds "9"]
[EventCountry "PER"]
[SourceTitle "CBM 177 Extra"]
[Source "ChessBase"]
[SourceDate "2017.04.27"]
[SourceVersion "1"]
[SourceVersionDate "2017.04.27"]
[SourceQuality "1"]

1. d4 Nf6 2. c4 e6 3. Nf3 b6 4. Nc3 Bb7 5. Bg5 Be7 6. e3 0-0 7. Bd3 c5 8. 0-0 cxd4 9. Nxd4 Na6 10. Bxf6 Bxf6 11. Be4 Nc5 12. Bxb7 Nxb7 13. Ne4 Be7 14. a3 Nc5 15. Qc2 Rc8 16. Rac1 d5 17. Nxc5 bxc5 18. Nf3 Qb6 19. Ne5 Rfd8 20. Nf3 Bf6 21. Rb1 g6 22. b3 Qa6 23. Qa2 dxc4 24. bxc4 Rd3 25. a4 Rcd8 26. Rb5 Rd1 27. h3 Rxf1+ 28. Kxf1 Rd1+ 29. Ke2 Ra1 30. Qb3 Rxa4 31. Rxc5 Ra2+ 32. Kf1 Rb2 33. Qd1 Qa2 34. Ne1 Rxf2+ 35. Kg1 Rd2 36. Qf3 Qa1 37. Kf1 Rd1 38. Qf2 Bc3 39. Ke2 Rd2+ 40. Kf3 Rxf2+ 41. Kxf2 Qxe1+ 42. Kf3 Qd1+ 43. Kf2 Be1+ 44. Kf1 Bg3# 0-1

[Event "Piura op 10th"]
[Site "Piura"]
[Date "2016.10.14"]
[Round "1"]
[White "Vera Siguenas, Deivy Anthoni"]
[Black "Perez, Hernan"]
[Result "1-0"]
[WhiteElo "2519"]
[BlackElo "1534"]
[PlyCount "49"]
[EventDate "2016.10.14"]
[EventType "swiss"]
[EventRounds "7"]
[EventCountry "PER"]
[SourceTitle "EXT 2018"]
[Source "ChessBase"]
[SourceDate "2017.10.13"]
[SourceVersion "1"]
[SourceVersionDate "2017.10.13"]
[SourceQuality "1"]

1. e4 e6 2. d4 d5 3. Nd2 c5 4. Ngf3 Nc6 5. exd5 exd5 6. Bb5 Nf6 7. 0-0 Be7 8. dxc5 Bxc5 9. Re1+ Be7 10. Qe2 Bd7 11. Nb3 a6 12. Bxc6 Bxc6 13. Nfd4 Bd7 14. Bf4 Kf8 15. Bc7 Qe8 16. Qd2 Ne4 17. Qa5 Qc8 18. f3 Nf6 19. Rxe7 g6 20. Be5 Kg7 21. Qb6 Bc6 22. Ne6+ Kg8 23. Bxf6 fxe6 24. Rg7+ Kf8 25. Qb4+ 1-0

[Event "Asuncion Clasificatorio Roggio-B"]
[Site "Asuncion"]
[Date "2010.03.22"]
[Round "8"]
[White "Perez, Hernan"]
[Black "Latorre Lopez Moreira, Luis Matias"]
[Result "1-0"]
[WhiteElo "2149"]
[BlackElo "2063"]
[PlyCount "67"]
[EventDate "2010.03.11"]
[EventType "tourn"]
[EventRounds "8"]
[EventCountry "PAR"]
[SourceTitle "EXT 2023"]
[Source "ChessBase"]
[SourceDate "2022.10.05"]
[SourceVersion "1"]
[SourceVersionDate "2022.10.05"]
[SourceQuality "1"]

1. e4 c5 2. Nc3 Nc6 3. g3 g6 4. Bg2 Bg7 5. f4 d6 6. Nf3 e6 7. 0-0 Nge7 8. d3 0-0 9. Be3 b6 10. d4 Ba6 11. Re1 Qc7 12. Kh1 Na5 13. dxc5 bxc5 14. Nd2 Rab8 15. Nb3 Nc4 16. Bc1 Rfd8 17. g4 d5 18. exd5 Nxd5 19. Nxd5 exd5 20. f5 Nxb2 21. Qf3 Nd3 22. cxd3 Rxb3 23. axb3 Bxa1 24. Bg5 Qa5 25. Qf1 Bc3 26. Re7 gxf5 27. Qxf5 Qa1+ 28. Bf1 Rf8 29. Rxa7 Bxd3 30. Qxd3 Qxa7 31. Qxc3 d4 32. Qc1 Rc8 33. Bf6 Kf8 34. Qh6+ 1-0

[Event "Asuncion Clasificatorio Roggio-B"]
[Site "Asuncion"]
[Date "2010.03.13"]
[Round "3"]
[White "Perez, Hernan"]
[Black "Lipiniks, Leonardo"]
[Result "1-0"]
[WhiteElo "2149"]
[BlackElo "1901"]
[PlyCount "57"]
[EventDate "2010.03.11"]
[EventType "tourn"]
[EventRounds "8"]
[EventCountry "PAR"]
[SourceTitle "EXT 2023"]
[Source "ChessBase"]
[SourceDate "2022.10.05"]
[SourceVersion "1"]
[SourceVersionDate "2022.10.05"]
[SourceQuality "1"]

1. e4 d6 2. d4 Nf6 3. Nc3 c6 4. Bg5 Nbd7 5. f4 h6 6. Bh4 Qa5 7. Qd2 e5 8. 0-0-0 exd4 9. Qxd4 Be7 10. Nf3 Qb6 11. Qd2 Qc7 12. Bd3 Nc5 13. Rhe1 0-0 14. h3 b5 15. e5 dxe5 16. fxe5 Ne8 17. Bxe7 Qxe7 18. g4 Be6 19. Kb1 Rd8 20. Bh7+ Kxh7 21. Qxd8 Qb7 22. Qh4 Kg8 23. g5 b4 24. Ne4 Nxe4 25. Rxe4 Qa6 26. b3 Nc7 27. gxh6 Nb5 28. hxg7 Nc3+ 29. Kc1 1-0

[Event "Asuncion Gamarra Memorial 3rd"]
[Site "Asuncion"]
[Date "2010.01.26"]
[Round "9"]
[White "Peralta, Eduardo"]
[Black "Perez, Hernan"]
[Result "1-0"]
[WhiteElo "2282"]
[BlackElo "2124"]
[PlyCount "55"]
[EventDate "2010.01.20"]
[EventType "tourn"]
[EventRounds "11"]
[EventCountry "PAR"]
[EventCategory "2"]
[SourceTitle "CBM 134 Extra"]
[Source "ChessBase"]
[SourceDate "2010.03.03"]
[SourceVersion "1"]
[SourceVersionDate "2010.03.03"]
[SourceQuality "1"]

1. e4 c5 2. Nf3 d6 3. c3 Nf6 4. Be2 g6 5. 0-0 Bg7 6. Re1 0-0 7. d3 Nc6 8. h3 Rb8 9. Bf1 e5 10. Bg5 h6 11. Be3 Ne8 12. d4 b6 13. dxc5 dxc5 14. Qxd8 Nxd8 15. a4 Ne6 16. Na3 Nd6 17. Nc4 Nxe4 18. Nfxe5 Nf6 19. a5 Nd5 20. Bc1 Nd8 21. axb6 axb6 22. Nd6 Nc7 23. Bf4 Be6 24. Nb5 Nxb5 25. Bxb5 Rb7 26. Ra8 Re7 27. Ra4 Nb7 28. Bf1 1-0

[Event "Asuncion Gamarra Memorial 3rd"]
[Site "Asuncion"]
[Date "2010.01.24"]
[Round "6"]
[White "Perez, Hernan"]
[Black "Brito, Luismar"]
[Result "0-1"]
[WhiteElo "2124"]
[BlackElo "2340"]
[PlyCount "48"]
[EventDate "2010.01.20"]
[EventType "tourn"]
[EventRounds "11"]
[EventCountry "PAR"]
[EventCategory "2"]
[SourceTitle "CBM 134 Extra"]
[Source "ChessBase"]
[SourceDate "2010.03.03"]
[SourceVersion "1"]
[SourceVersionDate "2010.03.03"]
[SourceQuality "1"]

1. e4 c5 2. Nc3 Nc6 3. g3 Rb8 4. Bg2 b5 5. f4 e6 6. Nf3 b4 7. Ne2 d5 8. d3 dxe4 9. Ng5 Be7 10. Nxe4 Bb7 11. Be3 Nd4 12. c3 Nxe2 13. Qxe2 Qa5 14. 0-0 Nf6 15. a3 bxc3 16. b4 Qc7 17. Nxc5 Bxg2 18. Qxg2 Rd8 19. Qe2 0-0 20. Rac1 Nd5 21. Bd4 Bf6 22. Bxf6 gxf6 23. d4 Kh8 24. f5 exf5 0-1

[Event "Asuncion Gamarra Memorial 3rd"]
[Site "Asuncion"]
[Date "2010.01.23"]
[Round "5"]
[White "Oddone, Cristhian"]
[Black "Perez, Hernan"]
[Result "1/2-1/2"]
[WhiteElo "2242"]
[BlackElo "2124"]
[PlyCount "82"]
[EventDate "2010.01.20"]
[EventType "tourn"]
[EventRounds "11"]
[EventCountry "PAR"]
[EventCategory "2"]
[SourceTitle "CBM 134 Extra"]
[Source "ChessBase"]
[SourceDate "2010.03.03"]
[SourceVersion "1"]
[SourceVersionDate "2010.03.03"]
[SourceQuality "1"]

1. e4 c5 2. Nf3 d6 3. d3 g6 4. g3 Bg7 5. Bg2 Nc6 6. 0-0 e5 7. c3 Nge7 8. Nh4 0-0 9. f4 f5 10. Nd2 Be6 11. Ndf3 h6 12. Be3 b6 13. Qd2 Kh7 14. exf5 gxf5 15. a3 a5 16. Rae1 Qd7 17. Qe2 Rae8 18. fxe5 dxe5 19. a4 Bd5 20. Bc1 Nc8 21. Bh3 Nd6 22. Nd2 Be6 23. Qh5 Qf7 24. Qe2 Qd7 25. Rf2 Rf6 26. Ref1 Ref8 27. Ndf3 e4 28. Nd2 exd3 29. Qxd3 Ne5 30. Qc2 c4 31. Ndf3 Nd3 32. Re2 R6f7 33. Be3 Bd5 34. Bd4 Be4 35. Qd2 Qc6 36. Bxg7 Kxg7 37. Qe3 Qc5 38. Nd4 Qe5 39. Ndf3 Qc5 40. Nd4 Qe5 41. Ndf3 Qc5 1/2-1/2

[Event "Asuncion Gamarra Memorial 3rd"]
[Site "Asuncion"]
[Date "2010.01.22"]
[Round "3"]
[White "Kropff Gomez, Ricardo"]
[Black "Perez, Hernan"]
[Result "1-0"]
[WhiteElo "2306"]
[BlackElo "2124"]
[PlyCount "83"]
[EventDate "2010.01.20"]
[EventType "tourn"]
[EventRounds "11"]
[EventCountry "PAR"]
[EventCategory "2"]
[SourceTitle "CBM 134 Extra"]
[Source "ChessBase"]
[SourceDate "2010.03.03"]
[SourceVersion "1"]
[SourceVersionDate "2010.03.03"]
[SourceQuality "1"]

1. d4 c5 2. d5 Nf6 3. c4 e6 4. Nc3 exd5 5. cxd5 d6 6. e4 g6 7. f3 Bg7 8. Bg5 h6 9. Be3 0-0 10. Qd2 Kh7 11. a4 Na6 12. Nge2 Nb4 13. Ng3 Re8 14. Be2 Qa5 15. 0-0 a6 16. f4 h5 17. f5 h4 18. fxg6+ fxg6 19. Bg5 Ng4 20. Bxg4 hxg3 21. Rf7 Rf8 22. Rxg7+ Kxg7 23. Bh6+ Kg8 24. Qg5 gxh2+ 25. Kh1 Qc7 26. Qxg6+ Kh8 27. Bxf8 Bxg4 28. Bxd6 Qg7 29. Qxg7+ Kxg7 30. Bxc5 Nd3 31. Bd4+ Kg6 32. Kxh2 Rf8 33. Kg3 Bd7 34. Rd1 Nf4 35. e5 Kf5 36. e6 Rg8+ 37. Kf3 Be8 38. Rh1 Bh5+ 39. Rxh5+ Nxh5 40. Ne4 Nf4 41. Nd6+ Kg5 42. Be3 1-0

[Event "PAR-ch"]
[Site "Asuncion"]
[Date "2009.09.12"]
[Round "7"]
[White "Valiente, Cristobal"]
[Black "Perez, Hernan"]
[Result "1-0"]
[WhiteElo "2241"]
[BlackElo "2001"]
[PlyCount "55"]
[EventDate "2009.09.06"]
[EventType "swiss"]
[EventRounds "9"]
[EventCountry "PAR"]
[SourceTitle "CBM 132 Extra"]
[Source "ChessBase"]
[SourceDate "2009.11.03"]
[SourceVersion "1"]
[SourceVersionDate "2009.11.03"]
[SourceQuality "1"]

1. e4 c5 2. g3 Nc6 3. Bg2 g6 4. Ne2 Bg7 5. c3 Nf6 6. d4 cxd4 7. cxd4 d6 8. Nbc3 0-0 9. 0-0 Bd7 10. h3 Rc8 11. Be3 Na5 12. b3 b5 13. e5 Ne8 14. f4 f6 15. Qd2 fxe5 16. fxe5 Rxf1+ 17. Rxf1 dxe5 18. dxe5 Bc6 19. Nd5 Bxe5 20. Bc5 Bd6 21. Bxa7 Nb7 22. Nd4 Bc5 23. Bxc5 Bxd5 24. Nf5 Bxg2 25. Nxe7+ Kh8 26. Nxg6+ Kg7 27. Bf8+ Kxg6 28. Qh6# 1-0

[Event "Pan American-ch U16"]
[Site "Mar del Plata"]
[Date "2009.08.20"]
[Round "8"]
[White "Perez, Hernan"]
[Black "Shen, Victor C"]
[Result "1/2-1/2"]
[WhiteElo "2001"]
[BlackElo "2177"]
[PlyCount "73"]
[EventDate "2009.08.16"]
[EventType "swiss"]
[EventRounds "9"]
[EventCountry "ARG"]
[SourceTitle "EXT 2022"]
[Source "ChessBase"]
[SourceDate "2021.10.06"]
[SourceVersion "1"]
[SourceVersionDate "2021.10.06"]
[SourceQuality "1"]

1. Nf3 Nf6 2. g3 d5 3. Bg2 c6 4. d3 Bg4 5. Nbd2 Nbd7 6. 0-0 e5 7. c4 d4 8. Rb1 a5 9. a3 a4 10. Ng5 Be7 11. Nde4 0-0 12. Nxf6+ Bxf6 13. Ne4 Be7 14. h3 Bh5 15. g4 Bg6 16. f4 exf4 17. Bxf4 Bxe4 18. Bxe4 Nc5 19. Bg2 Ne6 20. Bg3 h5 21. gxh5 Ra5 22. h6 g6 23. Kh1 Bh4 24. Qe1 Bxg3 25. Qxg3 Qg5 26. h7+ Kxh7 27. Qd6 Re5 28. Rf2 Rf5 29. Rbf1 Rxf2 30. Rxf2 Qe3 31. Kg1 Kg7 32. Qe7 Qc1+ 33. Kh2 Qxb2 34. Qf6+ Kh7 35. Qe7 Kg7 36. Qf6+ Kh7 37. Qe7 1/2-1/2